• God

di Topical Term

Records bibliografici associati: 1

001 - CONTROL NUMBER

  • control field: 58886

003 - CONTROL NUMBER IDENTIFIER

  • control field:

005 - DATE AND TIME OF LATEST TRANSACTION

  • control field: 20210417122248.0

008 - FIXED-LENGTH DATA ELEMENTS

  • fixed length control field: 210417|| aca||aabn | a|a d

040 ## - CATALOGING SOURCE

  • Original cataloging agency:
  • Transcribing agency:

150 ## - HEADING--TOPICAL TERM

  • Topical term or geographic name entry element: God
  • General subdivision: History of doctrines

670 ## - SOURCE DATA FOUND

  • Source citation: Work cat.: ()0: Tartaglia, Ferdinando. 1916-1988 aut. 58876, Tesi per la fine del problema di Dio /, 2002.
CREDITS: SOCIETA' SAN PAOLO Via A.Severo, 58 - ROMA (RM) & PERIODICI SAN PAOLO SRL Via Giotto, 36 MILANO & CISF Via Giotto, 36 MILANO & EDIZIONI SAN PAOLO SRL,  Piazza Soncino, 5 CINISELLO BALSAMO (MI) -- ITALY